Los rostros del honor: normas culturales y estrategias de promoción social en Chile colonial, siglo XVIII
Enregistré dans:
| Auteur principal: | |
|---|---|
| Format: | Livre |
| Langue: | espagnol |
| Publié: |
Santiago
Universitaria
2012
|
| Collection: | Colección Sociedad y Cultura, 53
|
| Sujets: | |
| Tags: |
Ajouter un tag
Pas de tags, Soyez le premier à ajouter un tag!
|
MARC
| LEADER | 00000cam a2200000 a 4500 | ||
|---|---|---|---|
| 001 | UCF9078 | ||
| 003 | CL-VaPUC | ||
| 008 | 131018e20120000cl |||||||||||||||||spa|d | ||
| 020 | |a 9789561124035 | ||
| 082 | 0 | 4 | |a 983.03 |b UND |2 21 |
| 100 | 0 | |a Undurraga Schüler, Verónica |e author |9 571276 | |
| 245 | 1 | 4 | |a Los rostros del honor: normas culturales y estrategias de promoción social en Chile colonial, siglo XVIII |
| 300 | |a 428 p | ||
| 942 | |c BK | ||
| 945 | |d 20131018 14:00:00 |a dcastane | ||
| 260 | |a Santiago |b Universitaria |c 2012 | ||
| 650 | 7 | |a HISTORIA DE CHILE SIGLO 18 |2 CL-VaPUC |9 314072 | |
| 650 | 0 | |a Colonialismo |9 316469 | |
| 583 | |a last modification |c 20140110 04:09:18 |k Rodrigo Vera | ||
| 490 | 0 | |a Colección Sociedad y Cultura, 53 | |
| 999 | |c 353563 |d 353561 | ||
| 952 | |0 0 |1 0 |3 erb |4 0 |6 983_030000000000000_UND_2012 |7 0 |8 A |9 458887 |a BIBHIS |b BIBHIS |d 2019-11-23 |i 5021723 |l 5 |o 983.03 UND 2012 |p 5021723 |r 2025-01-20 |s 2024-10-09 |w 2019-11-23 |y BK |z Catalogado en:20131018 |k HIS | ||
| 952 | |0 0 |1 0 |3 erb |4 0 |6 983_030000000000000_UND_2012 |7 0 |8 X |9 458888 |a FDOBUD |b FDOBUD |i 5034809 |o 983.03 UND 2012 |p 5034809 |r 2019-11-23 |w 2019-11-23 |y BK_X |z Catalogado en:20140116 |k BUD | ||